Globalization and money : (Record no. 82823)

MARC details
000 -LEADER
fixed length control field 00611nam a22001937a 4500
005 - DATE AND TIME OF LATEST TRANSACTION
control field 20140425142548.0
010 ## - LCCN (DPL NO)
LC control number ENG-109494
020 ## - INTERNATIONAL STANDARD BOOK NUMBER
Terms of availability 775.00
International Standard Book Number 9788125051121
035 ## - SYSTEM CONTROL NUMBER
System control number EN-93027
037 ## - SOURCE OF ACQUISITION
Source of stock number/acquisition DBAD/PUB
082 ## - DEWEY DECIMAL CLASSIFICATION NUMBER
Classification number 332.491724
100 ## - MAIN ENTRY--PERSONAL NAME
Personal name Singh, Supriya
245 00 - TITLE STATEMENT
Title Globalization and money :
Statement of responsibility, etc by Supriya Singh
Remainder of title a global south perspective /
260 ## - PUBLICATION, DISTRIBUTION, ETC. (IMPRINT)
Place of publication, distribution, etc New Delhi
Name of publisher, distributor, etc Orient Blakswan
Date of publication, distribution, etc 2014
270 ## - ADDRESS
Address 1/24 Asaf Ali Road
City New Delhi
Postal code 110002
300 ## - PHYSICAL DESCRIPTION
Extent xix,226p.
Dimensions 23cm(Hb)
500 ## - GENERAL NOTE
General note Includes bibliographical references and index
942 ## - ADDED ENTRY ELEMENTS (KOHA)
Source of classification or shelving scheme Dewey Decimal Classification
Item type English Books
Call number suffix SIN
Classification part 332.491724
Holdings
Withdrawn status Lost status Not for loan Collection code Home library Current library Date acquired Source of acquisition Cost, normal purchase price Full call number Barcode Copy number Cost, replacement price Koha item type
    Not For Loan Non-fiction D.B.Act.Division D.B.Act.Division 28/02/2014 DBAD/PUB 775.00 332.491724 SIN EN-93027 1 775.00 English Books

© Delhi Public Library
Hit Counter
free hit counter